Consolidacin̤ fiscal

Bibliographic Details
Main Author: Labrador Goyeneche, Francisco Javier
Other Authors: Penilla Guerrero, Gerardo
Format: Unknown
Language:English
Published: [Mx̌ico]: Instituto Mexicano de Contadores Pb︢licos, 2006
Subjects:
Online Access:Acceso restringido

MARC

LEADER 00000ny a22000003n 4500
005 20110519134136.0
008 110201s2006 mx 000 0 eng d
020 |a 9789706652683 
035 |a 5267 
040 |a BUS  |d vLex 
090 |c 55  |d 55 
100 1 |a Labrador Goyeneche, Francisco Javier 
245 1 0 |a Consolidacin̤ fiscal  |h [Recurso electrn̤ico]  |c Francisco Javier Labrador Goyeneche, Gerardo Penilla Guerrero  
256 |a Servicio en ln̕ea 
260 |a [Mx̌ico]:  |b Instituto Mexicano de Contadores Pb︢licos,  |c 2006  
506 1 |a Contenido solo disponible en los productos indicados  |d vLex Global  |d vLex Global (Academic Edition, excluding Law Schools)  |d vLex Global (U.S. Academic Edition, Law Schools)  |d vLex Global (U.S. Academic Edition, excluding Law Schools)  |d vLex Global (Academic Edition, Law Schools) 
650 0 7 |a Derecho fiscal  |2 Tesauro vLex 
650 0 7 |a Rǧimen de consolidacin̤ fiscal  |2 Tesauro vLex 
655 4 |a Libros electrn̤icos 
700 1 |a Penilla Guerrero, Gerardo 
740 0 |a vLex Libros (Servicios en ln̕ea) 
856 4 0 |u http://vlex.com/source/5267  |z Acceso restringido 
942 |c BOOK 
999 0 |a Tax law   |b Mx̌ico